000 00524nam a2200181 a 4500
005 20230623134454.0
008 111107s2011 ||||||||||||||||| || u
020 _a9789211173321
040 _aCBULib
_cCBULib
041 _aeng
099 _aUNECE(02)2023/1
110 _aUnited Nations (UNECE)
245 1 2 _aA glossary of market surveillance terms
_c/by United Nations (UNECE)
260 _aGeneva
_bUnited Nations
_c2023
300 _aiv, 39 pages : illustrations
650 _aMARKET SURVEYS--GLOSSARY
942 _c029
999 _c44751
_d44751